Central Library OPAC University of Rajshahi

A compendium of major international rivers in the ECAFE region / (Record no. 75304)

MARC details
000 -LEADER
fixed length control field 01120nam a2200289 a 4500
001 - CONTROL NUMBER
control field 75304
003 - CONTROL NUMBER IDENTIFIER
rucl marc code BD-RjUL
005 - DATE AND TIME OF LATEST TRANSACTION
control field 20211209082653.0
008 - FIXED-LENGTH DATA ELEMENTS--GENERAL INFORMATION
fixed length control field 190214s1966 nyu 000 0 eng d
035 ## - SYSTEM CONTROL NUMBER
System control number (OCoLC)00513269
System control number (BD-RjUL)75522
040 ## - CATALOGING SOURCE
Original cataloging agency WSU
Transcribing agency WSU
Modifying agency UKM
-- OCLCQ
-- NLGGC
-- LVB
-- MYG
-- BD-RjUL
Language of cataloging eng
041 ## - LANGUAGE CODE
Language code of text/sound track or separate title eng
082 ## - DEWEY DECIMAL CLASSIFICATION NUMBER
Edition number 23
Classification number 333.9162095
Author mark and year UNC 1966
110 2# - MAIN ENTRY--CORPORATE NAME
Corporate name or jurisdiction name as entry element United Nations.
Subordinate unit Economic Commission for Asia and the Far East.
9 (RLIN) 228196
245 12 - TITLE STATEMENT
Title A compendium of major international rivers in the ECAFE region /
Statement of responsibility, etc. United Nations. Economic Commission for Asia and the Far East.
260 ## - PUBLICATION, DISTRIBUTION, ETC. (IMPRINT)
Place of publication, distribution, etc. New York :
Name of publisher, distributor, etc. United Nations,
Date of publication, distribution, etc. 1966.
300 ## - PHYSICAL DESCRIPTION
Pagination iv, 74 p. :
Illustrations illus. ;
Size 28 cm.
490 1# - SERIES STATEMENT
Series statement United Nations. Document
Volume/sequential designation ST/ECAFE/SER. F/29
Series statement Water Resources Series ;
Volume/sequential designation no. 29
500 ## - GENERAL NOTE
General note "United Nations publication sales no. 66.II.F.8" - Verso t.p.
650 #0 - SUBJECT ADDED ENTRY--TOPICAL TERM
Topical term or geographic name as entry element Rivers
Geographic subdivision Asia.
9 (RLIN) 228197
830 #0 - SERIES ADDED ENTRY--UNIFORM TITLE
Uniform title Document (United Nations) ;
Volume number/sequential designation ST/ECAFE/SER. F/29.
Uniform title Water resources series (New York, N.Y.) ;
Volume number/sequential designation no. 29.
942 ## - ADDED ENTRY ELEMENTS (KOHA)
Source of classification or shelving scheme Dewey Decimal Classification
Koha item type Books
Holdings
Lost status Source of classification or shelving scheme Damaged status Not for loan Collection code Permanent Location Current Location Shelving location Date acquired Source of acquisition Total Checkouts Full call number Date last seen Copy number Koha item type
  Dewey Decimal Classification   Not For Loan Non-fiction Central Library, University of Rajshahi Central Library, University of Rajshahi Reading Room 04/06/1970 Zeitlinger   333.9162095 UNC 1966 14/02/2019 C-1 Books